00466nam a22001337a 4500008004100000082001100041100002100052245002600073260005900099300000900158942000800167999001500175952014200190260507b |||||||| |||| 00| 0 eng d a001771 aK. Krishnamurthy aKannada Pratimanataka aMysurubDr. K. Krishnamurthy Research Foundationc2022 a168p 2ddc c1458d1458 00102ddc406001771_0000000000000007091810aKSUbKSUcGENd2026-05-07eVidyut Prakashanl0o001771p001771r2026-05-07w2026-05-07yBK